[Event "8. Amber Blindfold"]
[Site "Monaco MNC"]
[Date "1999.03.27"]
[Round "10"]
[White "Piket, Jeroen"]
[Black "Topalov, Veselin"]
[Result "1/2-1/2"]
[WhiteElo "2619"]
[BlackElo "2700"]

1.d4 Cf6 2.Cf3 d5 3.c4 e6 4.Cc3 Fe7 5.Fg5 h6 6.Fh4 O-O 7.e3 b6 8.Fe2 Fb7 
9.Fxf6 Fxf6 10.cxd5 exd5 11.Db3 c6 12.O-O Cd7 13.Tfe1 Te8 14.Ff1 Cf8 15.
Tad1 Ce6 16.g3 c5 17.Fg2 cxd4 18.exd4 Dd6 19.h4 a6 20.Te2 b5 21.Ted2 b4 
22.Ce2 a5 23.Ch2 Fd8 24.Cg4 Fb6 25.Df3 Tad8 1/2-1/2

[Event "8. Amber Rapidplay"]
[Site "Monaco MNC"]
[Date "1999.03.27"]
[Round "10"]
[White "Topalov, Veselin"]
[Black "Piket, Jeroen"]
[Result "1/2-1/2"]
[WhiteElo "2700"]
[BlackElo "2619"]

1.Cf3 d5 2.d4 Cf6 3.c4 c6 4.Cc3 e6 5.g3 Fb4 6.Db3 a5 7.a3 Fxc3+ 8.Dxc3 a4 
9.Fg5 Cbd7 10.e3 O-O 11.Fe2 h6 12.Fxf6 Cxf6 13.O-O Da5 14.Ce5 Cd7 15.Cf3 
Cf6 16.Tfc1 Fd7 17.Ce5 Tfc8 18.Dxa5 Txa5 19.f3 Fe8 20.Rf2 Rf8 21.h4 Td8 
22.Cd3 Cd7 23.cxd5 exd5 24.h5 Ta7 25.Tc3 Cb6 26.g4 Fd7 27.Cc5 Fc8 28.Tg1 
Cd7 29.Cd3 Cf6 30.Fd1 Cd7 31.Fc2 Cb6 32.Cc5 Cc4 33.Cxa4 b5 34.Cc5 Cxb2 35.
Tb1 Cc4 36.a4 Cd6 37.Tb4 Rg8 38.Cd3 bxa4 39.Ta3 Fa6 40.Tbxa4 Fxd3 41.Fxd3 
Txa4 42.Txa4 Tc8 43.Ta7 Rf8 44.e4 dxe4 45.fxe4 Tb8 46.Td7 Tb3 47.Re2 Cb5 
48.Fxb5 Txb5 49.Re3 Tb3+ 50.Rf4 Tb1 51.Tc7 Tc1 52.Re5 Tg1 53.Rd6 g5 54.
hxg6 Txg4 55.Txf7+ Rg8 56.Te7 h5 57.Rxc6 h4 58.Rd5 Txg6 59.Ta7 h3 60.Ta2 
Th6 61.Th2 Rf7 62.e5 Th4 1/2-1/2

[Event "8. Amber Rapidplay"]
[Site "Monaco MNC"]
[Date "1999.03.28"]
[Round "11"]
[White "Karpov, Anatoly"]
[Black "Topalov, Veselin"]
[Result "1/2-1/2"]
[WhiteElo "2710"]
[BlackElo "2700"]

1.Cf3 d5 2.d4 Cf6 3.c4 c6 4.Cc3 dxc4 5.a4 Ff5 6.e3 e6 7.Fxc4 Fb4 8.O-O O-O
9.De2 Fg6 10.Td1 Cbd7 11.Fd3 Fxd3 12.Txd3 Da5 13.Fd2 c5 14.Fe1 cxd4 15.
Txd4 e5 16.Tdd1 a6 17.Ce4 Fxe1 18.Cxf6+ Cxf6 19.Dxe1 Dxe1+ 20.Txe1 e4 21.
Cd4 Tfc8 22.Tec1 g6 23.Cb3 b6 24.h3 Cd7 25.Cd4 Ce5 26.b4 h5 27.b5 Txc1+ 
28.Txc1 axb5 29.axb5 h4 30.Rh2 Rg7 31.Tc2 Cd3 32.g3 hxg3+ 33.Rxg3 Cc5 34.
h4 Ta1 35.Ce2 Rf6 36.Td2 Re5 37.Cf4 Cd3 38.Cxd3+ exd3 39.Txd3 Tg1+ 40.Rf3 
Tb1 41.Rg4 Txb5 42.f4+ Re6 43.e4 Tb1 44.Rf3 Th1 45.Rg3 Tg1+ 1/2-1/2

[Event "8. Amber Blindfold"]
[Site "Monaco MNC"]
[Date "1999.03.28"]
[Round "11"]
[White "Topalov, Veselin"]
[Black "Karpov, Anatoly"]
[Result "1-0"]
[WhiteElo "2700"]
[BlackElo "2710"]

1.d4 Cf6 2.c4 e6 3.Cc3 Fb4 4.Cf3 c5 5.g3 d5 6.Fg2 cxd4 7.Cxd4 O-O 8.cxd5 
Cxd5 9.Fd2 Fxc3 10.bxc3 e5 11.Cb5 Cc6 12.O-O Fe6 13.Fc1 a6 14.c4 Cb6 15.
Cd6 Dc7 16.c5 Cc4 17.Tb1 Tab8 18.Da4 Cd4 19.Cxc4 Cxe2+ 20.Rh1 Cc3 21.Db4 
Cxb1 22.Cb6 a5 23.Dxb1 Dxc5 24.a4 Tfd8 25.Fe3 Db4 26.Da1 f6 27.Tb1 Dg4 28.
h3 Dh5 29.Rh2 Td3 30.Tc1 Tbd8 31.Db2 g5 32.Dc2 Rh8 33.Th1 Fxh3 34.Fxh3 g4 
35.Rg2 Td1 36.Txd1 gxh3+ 37.Rh2 Dxd1 38.Df5 Rg7 39.Fh6+ Rxh6 40.Dxf6+ Rh5 
41.Cc4 Td4 42.Cxe5 Df1 43.g4+ Txg4 44.Df5+ 1-0

[Event "?"]
[Site "Dos Hermanas ESP"]
[Date "1999.04.07"]
[Round "2"]
[White "Topalov, Veselin"]
[Black "Karpov, Anatoly"]
[Result "1/2-1/2"]
[WhiteElo "2700"]
[BlackElo "2710"]

1.Cf3 Cf6 2.c4 e6 3.Cc3 d5 4.d4 Fe7 5.Dc2 Ca6 6.a3 c5 7.e3 cxd4 8.exd4 
dxc4 9.Fxc4 Cc7 10.O-O O-O 11.Td1 b6 12.Ce5 Fb7 13.Td3 b5 14.Fa2 a5 15.Fg5
b4 16.Th3 Cce8 17.Cb5 Tc8 18.De2 Ce4 19.Fxe7 Dxe7 20.Ca7 Tc7 21.Cb5 Tc8 
22.Ca7 Tc7 23.Cb5 1/2-1/2

[Event "Schachtage"]
[Site "Dortmund GER"]
[Date "1999.07.12"]
[Round "3"]
[White "Karpov, Anatoly"]
[Black "Topalov, Veselin"]
[Result "1/2-1/2"]
[WhiteElo "2710"]
[BlackElo "2700"]

1.d4 g6 2.g3 Fg7 3.Fg2 c5 4.c3 Da5 5.d5 d6 6.Cf3 Cf6 7.O-O O-O 8.Te1 Te8 
9.Ca3 Cbd7 10.h3 b5 11.e4 a6 12.Cc2 Fb7 13.Ff4 h6 14.h4 e5 15.Fd2 c4 16.b4
cxb3 17.axb3 Dc7 18.Ch2 Cc5 19.Tb1 a5 20.b4 axb4 21.cxb4 Ccxe4 22.Txe4 
Cxe4 23.Fxe4 f5 24.Fg2 Df7 25.Fc1 e4 26.Fb2 Fxb2 27.Txb2 Dxd5 28.Dxd5+ 
Fxd5 29.Cf1 h5 30.Cfe3 Fc4 31.Ff1 d5 32.Rg2 Teb8 33.Cd4 Tb6 34.Td2 Rf7 35.
Cdc2 Ta2 36.Fxc4 dxc4 37.Td5 Tb2 38.Rf1 Ta6 39.Txb5 Taa2 40.Tb7+ Rg8 41.
Tc7 Txc2 42.Cxc2 Txc2 43.b5 Tb2 44.Txc4 Txb5 45.Tc8+ 1/2-1/2

[Event "FIDE WCh KO"]
[Site "Las Vegas, NV USA"]
[Date "1999.08.03"]
[Round "2.1"]
[White "Ponomariov, Ruslan"]
[Black "Topalov, Veselin"]
[Result "1-0"]
[WhiteElo "2616"]
[BlackElo "2690"]

1.e4 c5 2.Cf3 d6 3.d4 cxd4 4.Cxd4 Cf6 5.Cc3 a6 6.Fe3 Cg4 7.Fg5 h6 8.Fh4 g5
9.Fg3 Fg7 10.Fc4 Cc6 11.Cxc6 bxc6 12.h4 Da5 13.Df3 Fe6 14.Fxe6 fxe6 15.
hxg5 hxg5 16.Txh8+ Fxh8 17.Rf1 Ce5 18.De2 Rd7 19.Cd1 Tb8 20.c3 Da4 21.Fxe5
Fxe5 22.g3 Ff6 23.Rg2 a5 24.f3 c5 25.Ce3 Rc7 26.Dd2 Db5 27.b3 a4 28.Tb1 
axb3 29.Txb3 Da4 30.Txb8 Rxb8 31.Cg4 Rc7 32.e5 Fxe5 33.Cxe5 dxe5 34.De2 
Rd6 35.c4 e4 36.Dxe4 Dxa2+ 37.Rh3 Db2 38.Rg4 Df2 39.f4 Rd7 40.fxg5 Db2 41.
g6 Df6 42.Db7+ Rd6 43.Db8+ Rd7 44.Rh5 e5 45.Db7+ Rd8 46.Dd5+ Re8 47.Dg8+ 
Rd7 48.Df7 Dh8+ 49.Rg4 Dh1 50.g7 De4+ 51.Rg5 De3+ 52.Rh4 De4+ 53.g4 1-0

[Event "FIDE WCh KO"]
[Site "Las Vegas, NV USA"]
[Date "1999.08.04"]
[Round "2.2"]
[White "Topalov, Veselin"]
[Black "Ponomariov, Ruslan"]
[Result "1-0"]
[WhiteElo "2690"]
[BlackElo "2616"]

1.d4 d5 2.c4 dxc4 3.e4 Cf6 4.e5 Cd5 5.Fxc4 Cb6 6.Fb3 Cc6 7.Ce2 Fg4 8.Cbc3 
e6 9.O-O Dd7 10.h3 Fxe2 11.Cxe2 Fe7 12.Fe3 Cb4 13.Cg3 O-O-O 14.De2 C4d5 
15.Ce4 Rb8 16.Tad1 h5 17.a3 De8 18.Fd2 a6 19.Tc1 Dg8 20.f4 f5 21.exf6 gxf6
22.f5 Th7 23.Cc5 Fd6 24.Cxe6 Dg3 25.Df3 Dxf3 26.Txf3 Te8 27.Te1 h4 28.Te4 
Fg3 29.Rf1 c6 30.Tg4 Rc8 31.a4 Cc7 32.Cxc7 Fxc7 33.Fe1 Cd5 34.Fxd5 cxd5 
35.Fxh4 The7 36.Tc3 Rb8 37.Fxf6 Tf7 38.Tg6 Tef8 39.Txc7 Rxc7 40.Fe5+ Rd7 
41.g4 Tc8 42.Tb6 Tc1+ 43.Rg2 Re8 44.h4 Tc6 45.Txc6 bxc6 46.h5 Tb7 47.h6 
Txb2+ 48.Rg3 1-0

[Event "FIDE WCh KO g/25+10"]
[Site "Las Vegas, NV USA"]
[Date "1999.08.05"]
[Round "2.4"]
[White "Topalov, Veselin"]
[Black "Ponomariov, Ruslan"]
[Result "1/2-1/2"]
[WhiteElo "2690"]
[BlackElo "2616"]

1.Cf3 Cf6 2.c4 c5 3.g3 Cc6 4.d4 cxd4 5.Cxd4 e6 6.Fg2 Db6 7.Cc2 d5 8.O-O 
Fe7 9.cxd5 Cxd5 10.Ce3 Cxe3 11.Fxe3 Dxb2 12.Fxc6+ bxc6 13.Fd4 Db7 14.Fxg7 
Tg8 15.Fc3 c5 16.Dc2 Tg6 17.Cd2 Dc6 18.Cc4 Fb7 19.f3 f6 20.Ca5 Dc7 21.Cxb7
Dxb7 22.Da4+ Rf7 23.Tad1 a6 24.Td2 Td8 25.Txd8 Fxd8 26.Td1 Fe7 27.Dc4 Tg5 
28.a4 Td5 29.Ta1 h5 30.Rf2 Td7 31.e4 Dc6 32.f4 Ff8 33.Tb1 Dd6 34.Re3 Fh6 
35.a5 Rg6 36.Re2 h4 37.Tf1 f5 38.Tb1 Rh5 39.Tg1 Fg7 40.gxh4 Fh6 41.e5 Dd5 
42.Dxd5 Txd5 43.Fd2 Td4 44.Fe3 Ta4 45.Rf3 Txa5 46.Td1 Rg6 47.Td6 Rf7 48.h5
Tb5 49.Td7+ Rg8 50.Td6 Rf7 51.Txa6 Ff8 52.Ta7+ Rg8 53.Tc7 Tb3 54.h4 Tb5 
55.Re2 Tb2+ 56.Rd3 Tb3+ 57.Rd2 Tb2+ 58.Rc3 Th2 59.Fxc5 Fxc5 60.Txc5 Txh4 
61.Tc8+ Rg7 62.Rd4 Txf4+ 63.Rc5 Ta4 64.Tc6 Rh6 65.Rd6 Rxh5 66.Rxe6 Rg4 67.
Rf6 f4 68.e6 f3 69.e7 f2 70.Tc1 1/2-1/2

[Event "FIDE WCh KO g/15+10"]
[Site "Las Vegas, NV USA"]
[Date "1999.08.05"]
[Round "2.6"]
[White "Ponomariov, Ruslan"]
[Black "Topalov, Veselin"]
[Result "0-1"]
[WhiteElo "2616"]
[BlackElo "2690"]

1.e4 c5 2.Cf3 d6 3.Fb5+ Cc6 4.O-O Fd7 5.Te1 a6 6.Ff1 Fg4 7.h3 Fxf3 8.Dxf3 
g6 9.c3 Fg7 10.Dd1 e6 11.d3 Cge7 12.Cd2 b5 13.Cf3 Db6 14.Fe3 O-O 15.Dd2 d5
16.Ff4 d4 17.e5 dxc3 18.bxc3 b4 19.cxb4 cxb4 20.Fe3 Db7 21.Fc5 Tfd8 22.d4 
Td7 23.Df4 Tad8 24.Tad1 Cf5 25.g4 Fh6 26.De4 Cfe7 27.h4 Cd5 28.g5 Ff8 29.
Fxf8 Txf8 30.Td2 Cc3 31.Df4 Tfd8 32.Te3 Ce7 33.Ted3 a5 34.Ch2 De4 35.Dxe4 
Cxe4 36.Tc2 Cc3 37.Cg4 Txd4 38.Cf6+ Rg7 39.Th3 Cc6 40.h5 Cxe5 41.hxg6 Rxg6
42.Cxh7 Th8 43.f4 Txh7 44.Txh7 Rxh7 45.fxe5 Tg4+ 0-1

[Event "FIDE WCh KO g/25+10"]
[Site "Las Vegas, NV USA"]
[Date "1999.08.05"]
[Round "2.3"]
[White "Ponomariov, Ruslan"]
[Black "Topalov, Veselin"]
[Result "1/2-1/2"]
[WhiteElo "2616"]
[BlackElo "2690"]

1.e4 c5 2.Cf3 d6 3.Fb5+ Cc6 4.O-O Fd7 5.c3 a6 6.Fa4 Cf6 7.Te1 b5 8.Fc2 Fg4
9.h3 Fxf3 10.Dxf3 g6 11.d3 Fg7 12.Cd2 O-O 13.De2 Cd7 14.Cf3 b4 15.Fa4 Dc7 
16.Fd2 bxc3 17.bxc3 Tab8 18.Tab1 e6 19.g3 Cb6 20.Fc2 Cd7 21.a4 Txb1 22.
Txb1 Tb8 23.Dd1 Tb6 24.Rf1 Db7 25.Re2 h5 26.Txb6 Dxb6 27.Db1 Dxb1 28.Fxb1 
Cb6 29.Fc2 Rf8 30.Cg5 Re7 31.f4 Fh8 32.Cf3 Fg7 33.g4 hxg4 34.hxg4 Fh8 35.
Fe1 Ff6 36.Rd2 Rd7 37.Ff2 Fg7 38.d4 cxd4 39.cxd4 d5 40.e5 Fh6 41.Fg3 Cc4+ 
42.Rc3 Ce3 43.Fd3 Cxg4 44.Fxa6 Ce3 45.Fb5 Cf5 46.Fh2 Rc7 47.Fd3 Ff8 48.Fg1
Fb4+ 49.Rb3 Fa5 50.Fxf5 gxf5 51.Fe3 Rd7 52.Rc2 Re7 53.Fd2 Fb6 54.Rd3 f6 
55.exf6+ Rxf6 56.Fc3 Re7 57.Cd2 Fc7 58.Re3 Rd7 59.Cb3 Fd6 60.Fd2 Rc7 61.
Cc1 Fe7 62.Cb3 1/2-1/2

[Event "FIDE WCh KO g/15+10"]
[Site "Las Vegas, NV USA"]
[Date "1999.08.05"]
[Round "2.5"]
[White "Topalov, Veselin"]
[Black "Ponomariov, Ruslan"]
[Result "1-0"]
[WhiteElo "2690"]
[BlackElo "2616"]

1.Cf3 d5 2.d4 Cf6 3.c4 dxc4 4.e3 e6 5.Fxc4 a6 6.O-O c5 7.dxc5 Fxc5 8.Dxd8+
Rxd8 9.Cbd2 Re7 10.Fe2 Cbd7 11.b3 b6 12.Ce1 Ce5 13.Fb2 Td8 14.Td1 Fd6 15.
Cef3 Cc6 16.Cc4 Fc5 17.Txd8 Cxd8 18.Cfe5 Fb7 19.Cd3 Cc6 20.Tc1 Cd7 21.Cxc5
bxc5 22.Td1 Tb8 23.Fxg7 Tg8 24.Fb2 Cb4 25.f3 Cxa2 26.e4 Cb4 27.Rf2 Fc6 28.
Ce5 Tb8 29.Fc3 f6 30.Cxd7 Fxd7 31.Fxf6+ Rxf6 32.Txd7 Cc6 33.Txh7 Txb3 34.
Fxa6 Cd4 35.Tc7 Tc3 36.h4 e5 37.Rg3 Tc2 38.Tc8 Ce6 39.Tc6 Re7 40.h5 Cf4 
41.Rg4 Txg2+ 42.Rf5 Cxh5 43.Th6 Cf4 44.Rxe5 Cg6+ 45.Rf5 Rf7 46.Th7+ Rg8 
47.Th1 Rg7 48.f4 Ce7+ 49.Re6 Cc6 50.f5 Cd4+ 51.Re5 Cf3+ 52.Rf4 Cd4 53.Fc4 
Tc2 54.Fd5 Tf2+ 55.Re5 Cf3+ 56.Rd6 Cd4 57.Th5 Rf6 58.e5+ Rg7 59.f6+ Rg6 
60.Th1 Cf5+ 61.Re6 Cd4+ 62.Re7 Cf5+ 63.Rd7 Td2 64.Tg1+ Rh7 65.f7 Txd5+ 66.
Re6 Td8 67.Rxf5 c4 68.Re4 1-0

[Event "FIDE WCh KO"]
[Site "Las Vegas, NV USA"]
[Date "1999.08.06"]
[Round "3.1"]
[White "Topalov, Veselin"]
[Black "Psakhis, Lev"]
[Result "1-0"]
[WhiteElo "2690"]
[BlackElo "2581"]

1.Cf3 Cf6 2.c4 c5 3.g3 b6 4.Fg2 Fb7 5.O-O g6 6.d4 cxd4 7.Dxd4 Fg7 8.Cc3 d6
9.Td1 Cbd7 10.Fe3 Tc8 11.Tac1 O-O 12.Dh4 a6 13.b3 Tc7 14.Fh3 Db8 15.Fh6 
Fxf3 16.Fxg7 Rxg7 17.exf3 Ce5 18.Fg2 b5 19.cxb5 axb5 20.Db4 Tfc8 21.f4 
Ced7 22.Ce2 Tc2 23.Txc2 Txc2 24.Td2 Tc5 25.Ff3 Db6 26.a3 Cb8 27.Dd4 Dc7 
28.Db2 b4 29.axb4 Tb5 30.Cc3 Txb4 31.Cd5 Da5 32.Te2 Tb5 33.b4 Dd8 34.Cxe7 
d5 35.Te5 Cbd7 36.Txd5 Tb6 37.Txd7 Dxd7 38.Cd5 Dd8 39.Cxb6 Dxb6 40.b5 Rg8 
41.Fc6 1-0

[Event "FIDE WCh KO"]
[Site "Las Vegas, NV USA"]
[Date "1999.08.07"]
[Round "3.2"]
[White "Psakhis, Lev"]
[Black "Topalov, Veselin"]
[Result "1/2-1/2"]
[WhiteElo "2581"]
[BlackElo "2690"]

1.e4 c5 2.Cf3 d6 3.d4 cxd4 4.Cxd4 Cf6 5.Cc3 a6 6.Fe2 e5 7.Cb3 Fe7 8.O-O 
O-O 9.Rh1 b6 10.a4 Fb7 11.f3 Cc6 12.Fg5 Cb4 13.Cb1 h6 14.Fxf6 Fxf6 15.Ca3 
Dc7 16.c3 Cc6 17.Cc4 Tad8 18.Dd3 Fg5 19.Ce3 1/2-1/2

[Event "EUCup final 15th"]
[Site "Bugojno BIH"]
[Date "1999.10.30"]
[Round "2"]
[White "Golod, Vitali"]
[Black "Topalov, Veselin"]
[Result "0-1"]
[WhiteElo "2568"]
[BlackElo "2690"]

1.d4 Cf6 2.Cf3 c5 3.d5 b5 4.Fg5 Ce4 5.Dd3 Cxg5 6.Cxg5 g6 7.e4 Fg7 8.c3 O-O
9.Fe2 e6 10.Cf3 exd5 11.Dxd5 Db6 12.Cbd2 Fb7 13.Db3 c4 14.Dd1 d6 15.a4 a6 
16.axb5 axb5 17.Txa8 Fxa8 18.O-O Cd7 19.Te1 Cc5 20.Ff1 Te8 21.Dc2 h6 22.g3
Fb7 23.Db1 h5 24.h4 Dc6 25.Fg2 Cd3 26.Tf1 d5 27.b3 Dc5 28.exd5 Fxd5 29.
bxc4 bxc4 30.Cg5 Fxg2 31.Rxg2 Dd5+ 32.Cgf3 Fxc3 33.Dc2 Fxd2 34.Dxd2 Te5 
35.Ta1 Tf5 36.De3 Ce5 0-1

[Event "ESP Team Ch Div 1"]
[Site "Cala Galdana ESP"]
[Date "1999.11.08"]
[Round "1"]
[White "Korneev, Oleg"]
[Black "Topalov, Veselin"]
[Result "0-1"]
[WhiteElo "2615"]
[BlackElo "2690"]

1.e4 c5 2.Cf3 d6 3.d4 cxd4 4.Cxd4 Cf6 5.Cc3 a6 6.f3 e6 7.Fe3 b5 8.Dd2 Cbd7
9.O-O-O Fb7 10.g4 h6 11.Fd3 Ce5 12.The1 Tc8 13.Rb1 Cfd7 14.f4 Cc4 15.Fxc4 
Txc4 16.f5 e5 17.Cf3 Da8 18.b3 Txe4 19.Cxe4 Fxe4 20.Cg1 Fe7 21.Ff2 O-O 22.
De3 Cf6 23.Fh4 Dc6 24.Te2 Tc8 25.Rb2 d5 26.Fxf6 Fxf6 27.c3 Fg5 28.Dg3 d4 
29.cxd4 exd4 30.Tde1 d3 31.Txe4 Fc1+ 0-1

[Event "ESP Team Ch Div 1"]
[Site "Cala Galdana ESP"]
[Date "1999.11.09"]
[Round "2"]
[White "Topalov, Veselin"]
[Black "Hernandez Guerrero, Gilberto"]
[Result "1/2-1/2"]
[WhiteElo "2690"]
[BlackElo "2568"]

1.Cf3 Cf6 2.c4 g6 3.Cc3 Fg7 4.e4 d6 5.d4 O-O 6.Fe2 e5 7.O-O exd4 8.Cxd4 
Te8 9.f3 Cc6 10.Fe3 Ch5 11.Dd2 Cf4 12.Tfd1 Cxd4 13.Fxd4 Cxe2+ 14.Dxe2 
Fxd4+ 15.Txd4 Df6 16.Dd2 Fe6 17.Tc1 Tac8 18.Cd5 Dg7 19.c5 dxc5 20.Txc5 c6 
21.Cf4 Df6 22.Cxe6 Dxe6 23.Ta5 a6 24.Ta3 Te7 25.Td6 De5 26.Tad3 Tce8 27.
T3d4 a5 28.a3 Db5 29.Td7 Txd7 30.Txd7 Dc5+ 31.Rh1 b5 32.h3 a4 33.Df4 Te7 
34.Td6 Te6 35.Td7 Te7 36.Td8+ Rg7 37.Db8 Dc1+ 38.Rh2 Dxb2 39.Tg8+ Rf6 40.
Dd6+ Te6 41.Df4+ Re7 42.Dc7+ Rf6 43.Dd8+ Te7 44.f4 Df2 45.Dd6+ Te6 46.Dd8+
1/2-1/2

[Event "ESP Team Ch Div 1"]
[Site "Cala Galdana ESP"]
[Date "1999.11.10"]
[Round "3"]
[White "Movsziszian, Karen"]
[Black "Topalov, Veselin"]
[Result "0-1"]
[WhiteElo "2501"]
[BlackElo "2690"]

1.g3 c5 2.Fg2 g6 3.e4 Fg7 4.d3 Cc6 5.f4 d6 6.Cf3 e5 7.Cc3 Cge7 8.O-O O-O 
9.Cd2 exf4 10.gxf4 Fe6 11.Cf3 Dd7 12.Fe3 Fg4 13.Dd2 Tac8 14.Cd1 b6 15.c4 
Fxf3 16.Txf3 Cd4 17.Tg3 f5 18.Cc3 b5 19.Fh3 bxc4 20.dxc4 Db7 21.Cb5 Cxb5 
22.cxb5 Dxe4 23.Te1 Dd5 24.Fg2 Dxd2 25.Fxd2 Rf7 26.Ta3 Fd4+ 27.Fe3 Fxe3+ 
28.Taxe3 Tc7 29.a4 Tb8 30.Rf2 Tb6 31.Ff1 d5 32.a5 Td6 33.Fg2 c4 34.Te5 
Tdd7 35.b6 axb6 36.axb6 Tc5 37.Ta1 Cc6 38.Te2 Tb5 39.Ta6 Tb7 40.h4 Cb4 41.
Ta8 T7xb6 42.Tae8 Tb7 43.h5 Cd3+ 44.Rg3 gxh5 45.Ff3 h4+ 46.Rxh4 Cxf4 47.
Te1 Tb3 0-1

[Event "ESP Team Ch Div 1"]
[Site "Cala Galdana ESP"]
[Date "1999.11.12"]
[Round "5"]
[White "Spraggett, Kevin"]
[Black "Topalov, Veselin"]
[Result "0-1"]
[WhiteElo "2521"]
[BlackElo "2690"]

1.e4 c5 2.Cf3 d6 3.c3 Cf6 4.h3 g6 5.Fd3 Fg7 6.Fc2 e5 7.d3 O-O 8.O-O Cc6 9.
a3 a5 10.a4 d5 11.Ca3 h6 12.exd5 Cxd5 13.Te1 b6 14.Fb3 Fe6 15.Fc4 Dc7 16.
Fd2 Tad8 17.Db3 f5 18.Te2 Rh8 19.Tae1 g5 20.Dc2 Ff7 21.Db3 Ff6 22.Cb5 Db8 
23.g4 Dc8 24.Ch2 h5 25.Fc1 Dd7 26.f3 Rg7 27.Ca3 hxg4 28.hxg4 f4 29.Cf1 Th8
30.Th2 Txh2 31.Cxh2 Th8 32.Te2 Cce7 33.Fb5 Dd8 34.Dd1 Th3 35.Df1 Tg3+ 36.
Tg2 Cg6 37.De1 Cc7 38.Fc4 Fxc4 39.Cxc4 Dxd3 40.Cd2 Txg2+ 41.Rxg2 Dc2 42.
Cf1 e4 43.Dxe4 Dxc1 44.Dc6 Fe5 45.Dxb6 Dc2 46.Rg1 Dxa4 47.Dxc5 Db5 48.Ce4 
Dxb2 49.Dxa5 Cb5 50.Db6 Rh6 0-1

[Event "ESP Team Ch Div 1"]
[Site "Cala Galdana ESP"]
[Date "1999.11.14"]
[Round "7"]
[White "Topalov, Veselin"]
[Black "Comas Fabrego, Lluis"]
[Result "1/2-1/2"]
[WhiteElo "2690"]
[BlackElo "2510"]

1.e4 c5 2.Cf3 e6 3.d4 cxd4 4.Cxd4 Cc6 5.Cc3 Dc7 6.Fe3 a6 7.Fd3 Cf6 8.O-O 
Ce5 9.h3 Fc5 10.Rh1 d6 11.f4 Cg6 12.f5 Ce5 13.Cce2 Cxd3 14.cxd3 e5 15.Cc2 
d5 16.Tc1 Db6 17.Fxc5 Dxc5 18.d4 De7 19.exd5 O-O 20.Cc3 b5 21.De1 e4 22.d6
Dxd6 23.Cxe4 Db6 24.Cxf6+ Dxf6 25.De4 Ta7 26.Cb4 Td7 27.Cc6 Fb7 28.d5 h6 
29.b3 Rh7 30.a4 bxa4 31.bxa4 Tc8 32.Tc5 Txd5 33.Dxd5 Fxc6 34.Dc4 Fxg2+ 35.
Rxg2 Dg5+ 36.Rf3 Dh5+ 37.Rf2 Txc5 38.Dxc5 Dxh3 39.De5 Dh4+ 40.Rf3 Dxa4 41.
De4 Db3+ 42.Rg2 Db2+ 43.Tf2 Df6 44.Rh3 a5 45.Tf3 Da1 46.Tg3 Dd1 47.Rh2 Dd6
48.Rg2 Dd2+ 49.Rh3 Dd1 50.Rh4 Dd6 51.Tg2 Df6+ 52.Rh3 Dc3+ 53.Tg3 Df6 54.
Dd5 Da1 55.De4 Dd1 1/2-1/2

[Event "ESP Team Ch Div 1"]
[Site "Cala Galdana ESP"]
[Date "1999.11.15"]
[Round "8"]
[White "Corral Blanco, Juan Antonio"]
[Black "Topalov, Veselin"]
[Result "1/2-1/2"]
[WhiteElo "2459"]
[BlackElo "2690"]

1.d4 Cf6 2.c4 e6 3.Cc3 Fb4 4.e3 O-O 5.Ce2 d5 6.a3 Fe7 7.cxd5 Cxd5 8.Dc2 
Cd7 9.g3 Cxc3 10.Cxc3 e5 11.Fg2 exd4 12.exd4 Ff6 13.Fe3 Cb6 14.O-O c6 15.
Tad1 Fg4 16.f3 Fe6 17.Ce4 Te8 18.Ff2 Fd5 19.Tfe1 Fe7 20.Td2 Ff8 21.Tde2 
Te6 22.Cc5 Txe2 23.Dxe2 Dc7 24.g4 f6 25.Fg3 Df7 26.h4 Td8 27.Fh3 g6 28.Ff4
Fc4 29.De4 Fg7 30.Fg3 Cc8 31.Rg2 Ff8 32.De3 Cd6 33.Ce4 Ce8 34.Ff2 Cc7 35.
Fg3 Cd5 36.Dd2 b6 37.Rh2 Fa6 38.Dc2 Fb7 39.Ff1 h6 40.Fc4 f5 41.gxf5 Dxf5 
42.Fe5 Fg7 43.Cf6+ Fxf6 44.Dxf5 gxf5 45.Fxf6 Tf8 46.Tg1+ Rf7 47.Fg7 Tg8 
48.Fxh6 Txg1 49.Rxg1 Rg6 50.Fg5 Fc8 51.Rf2 Fe6 52.Fd3 b5 53.Re2 Cb6 54.Rd2
Cd5 55.Fc2 Cb6 56.Fd1 Ff7 57.b3 Cd5 58.f4 Ce7 59.Rc3 Cd5+ 60.Rd3 Rh7 61.
Ff3 Rg6 62.a4 a6 63.a5 Rg7 64.h5 Rh7 65.h6 Fg6 66.Fxd5 cxd5 67.Rc3 Fh5 68.
Rb4 Ff3 69.Rc5 b4 70.Rc6 Rg6 71.Fe7 Rxh6 72.Fxb4 Fd1 73.Ff8+ Rg6 74.b4 Fb3
75.Rd6 Fc4 76.Re6 Fd3 77.Fd6 Fc4 78.Fc5 Fd3 79.Rxd5 Rf7 80.Re5 Re8 81.b5 
Fxb5 82.Rxf5 Rd7 83.Re5 Rc6 84.d5+ Rxc5 85.f5 Fc4 86.d6 Rc6 1/2-1/2

[Event "ESP Team Ch Div 1"]
[Site "Cala Galdana ESP"]
[Date "1999.11.16"]
[Round "9"]
[White "Topalov, Veselin"]
[Black "Giorgadze, Giorgi"]
[Result "1/2-1/2"]
[WhiteElo "2690"]
[BlackElo "2602"]

1.d4 Cf6 2.c4 e6 3.Cf3 d5 4.Cc3 Fb4 5.Fg5 Cbd7 6.cxd5 exd5 7.e3 c5 8.Dc2 
O-O 9.Fd3 h6 10.Fh4 c4 11.Fh7+ Rh8 12.Ff5 Cb6 13.Fxc8 Txc8 14.O-O Fe7 15.
a4 a5 16.Ce5 Cfd7 17.Fg3 Rg8 18.Cb5 Fb4 19.f3 De7 20.Cxd7 Dxd7 21.e4 Tc6 
22.e5 Ca8 23.Fh4 Cc7 24.Cc3 Fe7 25.Fxe7 Dxe7 26.Tae1 Te6 27.Dd2 f5 28.exf6
Tfxf6 29.h3 1/2-1/2

[Event "XVIII Rapidplay Open"]
[Site "Villarrobledo ESP"]
[Date "2000.08.19"]
[Round "5"]
[White "Roa Alonso, Santiago"]
[Black "Topalov, Veselin"]
[Result "0-1"]
[WhiteElo "2358"]
[BlackElo "2707"]

1.d4 Cf6 2.c4 e6 3.Cf3 c5 4.d5 d6 5.Cc3 exd5 6.cxd5 g6 7.e4 a6 8.a4 Fg4 9.
Fe2 Fxf3 10.Fxf3 Fg7 11.O-O O-O 12.Ff4 De7 13.Db3 Cbd7 14.a5 Tab8 15.Ca4 
h5 16.Cb6 Ce8 17.Cxd7 Dxd7 18.Tfe1 Cc7 19.Fe2 Tfe8 20.Fc4 Cb5 21.Fxb5 axb5
22.Dg3 Ta8 23.Te2 b4 24.h3 Ta6 25.Tae1 c4 26.Rh2 Txa5 27.Fc1 c3 28.f4 Ta1 
29.e5 dxe5 30.fxe5 cxb2 31.e6 fxe6 32.dxe6 Txe6 33.Fxb2 Txe1 34.Txe1 Fxb2 
35.Db3 Dd6+ 36.Rh1 Fe5 0-1

[Event "FIDE WCh KO"]
[Site "Tripoli LBA"]
[Date "2004.06.20"]
[Round "1.2"]
[White "Abulhul, Tarik"]
[Black "Topalov, Veselin"]
[Result "0-1"]
[WhiteElo "2076"]
[BlackElo "2737"]

1.Cf3 c5 2.c4 g6 3.g3 Fg7 4.Fg2 Cc6 5.O-O e6 6.e4 Cge7 7.Cc3 O-O 8.d3 d6 
9.Tb1 a6 10.a3 Tb8 11.Fd2 b5 12.b3 h6 13.Dc1 Rh7 14.Ce2 e5 15.Ch4 b4 16.a4
Fg4 17.f3 Fd7 18.f4 exf4 19.gxf4 Fg4 20.Cf3 Dd7 21.Rh1 Tbe8 22.Fe3 f5 23.
Cg3 Fxf3 24.Txf3 Cd4 25.Fxd4 Fxd4 26.Ce2 Cc6 27.Fh3 Db7 28.Cg3 Fg7 29.Dg1 
Cd4 30.Tf2 Ff6 31.Fg2 Dd7 32.exf5 gxf5 33.Fd5 Fh4 34.Dd1 Te3 35.Tg2 De8 
36.Df1 Fxg3 37.Txg3 Txg3 38.hxg3 Dh5+ 39.Rg2 Te8 40.Tb2 a5 41.Df2 Dd1 42.
Ff3 Dxd3 43.Td2 De3 44.Fd1 Rg6 45.Tb2 De4+ 46.Rh2 De1 47.Dxe1 Txe1 48.Td2 
Te3 49.Rg2 Rf6 50.Rf2 Tc3 51.Rg2 Re7 52.g4 fxg4 53.Fxg4 Txb3 54.Rf1 Tc3 
55.Re1 Tc1+ 56.Rf2 b3 57.Rg3 Txc4 58.f5 Rf6 59.Th2 Re5 0-1

[Event "FIDE World Championship"]
[Site "San Luis ARG"]
[Date "2005.09.29"]
[Round "2"]
[White "Topalov, Veselin"]
[Black "Anand, Viswanathan"]
[Result "1/2-1/2"]
[WhiteElo "2788"]
[BlackElo "2788"]

1.d4 Cf6 2.c4 e6 3.Cf3 b6 4.g3 Fa6 5.b3 Fb4+ 6.Fd2 Fe7 7.Fg2 c6 8.Fc3 d5 
9.Ce5 Cfd7 10.Cxd7 Cxd7 11.Cd2 O-O 12.O-O Tc8 13.e4 c5 14.exd5 exd5 15.
dxc5 dxc4 16.c6 cxb3 17.Te1 b2 18.Fxb2 Cc5 19.Cc4 Fxc4 20.Dg4 Fg5 21.Dxc4 
Cd3 22.Fa3 Cxe1 23.Txe1 Te8 24.Txe8+ Dxe8 25.Fd5 h5 26.Rg2 Fe7 27.Fb2 Ff6 
28.Fc1 De7 29.Fe3 Tc7 30.h4 Fe5 31.Dd3 Fd6 32.Fg5 De8 33.Df3 b5 34.Fe3 De5
35.Dd1 De8 36.Dxh5 Txc6 37.Fxa7 Ta6 38.Fd4 Ff8 39.Fe5 b4 40.Df5 g6 41.Df4 
De7 42.Fd4 Ta5 43.Df3 Fg7 44.Fb6 Tb5 45.Fe3 Fc3 46.Fg5 Da7 47.Dd3 Tb6 48.
Fe3 Da6 49.Fxf7+ Rxf7 50.Dd7+ Rf8 51.Dd8+ Rf7 52.Dc7+ Rg8 53.Dxb6 Dxa2 54.
Dxg6+ Rh8 55.Dc6 Df7 56.g4 Fg7 57.h5 b3 58.De4 b2 59.h6 Ff6 60.Fd4 Rg8 61.
Fxf6 Dxf6 62.Rg3 Db6 63.Dc4+ Rh7 64.g5 Dg6 65.Dc7+ Rg8 66.Db8+ Rf7 67.Db7+
Rf8 68.Db8+ Rf7 69.Db3+ Rf8 70.Df3+ Re7 71.De3+ Rd7 72.Dd4+ Re6 73.Dxb2 
Dxg5+ 74.Rf3 Dh5+ 75.Re4 Df5+ 76.Re3 Dg5+ 77.f4 Dg3+ 78.Re4 De1+ 79.Rf3 
Df1+ 80.Rg3 Dg1+ 81.Dg2 Db1 82.Dc6+ Rf7 83.Dd7+ Rf6 84.Dg7+ Re6 85.De5+ 
Rf7 86.Dh5+ Rf6 87.Dg5+ Rf7 88.Dh5+ Rf6 89.Dh4+ Rf7 90.h7 De1+ 91.Rg4 Dd1+
92.Rg5 Dd8+ 93.Rh5 Dd5+ 94.Dg5 Dh1+ 95.Dh4 Dd5+ 96.Rg4 Dd1+ 97.Rg3 De1+ 
1/2-1/2

[Event "FIDE World Championship"]
[Site "San Luis ARG"]
[Date "2005.10.08"]
[Round "9"]
[White "Anand, Viswanathan"]
[Black "Topalov, Veselin"]
[Result "1/2-1/2"]
[WhiteElo "2788"]
[BlackElo "2788"]

1.e4 e5 2.Cf3 Cc6 3.Fb5 Cf6 4.d3 Fc5 5.c3 O-O 6.Fg5 h6 7.Fh4 g5 8.Fg3 d6 
9.Cbd2 a6 10.Fxc6 bxc6 11.O-O Fa7 12.d4 g4 13.Fh4 gxf3 14.Dxf3 Rg7 15.Dg3+
Rh7 16.Df3 Rg7 17.Dg3+ 1/2-1/2